000 00579nam a22002177a 4500
003 0
005 20160609165526.0
008 100521t xxu||||| |||| 00| 0 eng d
020 _aISBN 978-2-10-051830-2
035 _a10893
040 _aBUAC
_cENEAM
041 _aFr
082 _a600
100 _aGABAY, Joseh
_95474
245 _aUML 2 Analyse et conception:
_bmise en oeuvre guidée avec études de cas
_c/ Joseph Gabay
260 _aParis:
_bDunod,
_c2008
300 _a224p.
_b23cm.
600 _aGABAY, David
_95475
650 _aInformatique
_95476
942 _cLIVR
999 _c47165
_d47165